| 000 | 00857nam a2200265Ia 4500 | ||
|---|---|---|---|
| 003 | OSt | ||
| 005 | 20220925205004.0 | ||
| 006 | a|||||r|||| 00| 0 | ||
| 007 | ta | ||
| 008 | 220923b |||||||| |||| 00| 0 eng d | ||
| 020 |
_a9780754645962 _c4015.23 |
||
| 037 |
_b24666, 01/01/2008, Segment Book Distrobutors _cGeneral Book |
||
| 040 |
_aRTL _cRTL _beng |
||
| 041 |
_2eng _aeng |
||
| 082 | _aU671, P6 | ||
| 100 |
_aHerath Gamini _9269397 |
||
| 245 | 0 | _aUsing multi-criteria decision analysis in natural resource management | |
| 260 |
_aHampshire _bAshgate _c2006 |
||
| 300 |
_axv, 239p _ccm. |
||
| 500 | _aBibliography chapterwise | ||
| 650 | _aGeography | ||
| 700 |
_a Prato Tony _9269398 |
||
| 942 |
_hU671, P6 _cGB _2CC |
||
| 999 |
_c550926 _d550926 |
||